000 00388nam a2200133Ia 4500
008 220204s9999 xx 000 0 und d
082 _a633.88:615.012
_bSIV
100 _aIndra Balachandran, V V
245 0 _aAyurvedic drugs and their plant sources
260 _aNew Delhi
_bOxford and IBH publishing Co Pvt Ltd
_c1994
650 _aAyurvedic drugs
700 _aSivarajan
942 _cBK
999 _c40918
_d40918